Responses for Show #4328 - Wednesday, May 28, 2003

Contestants

[<< previous game]

Charlie Rose, an attorney from Valley Stream, New York

Elizabeth Oppenheim, a marriage and family therapist from Evergreen, Colorado

Bronson Messer, an astrophysicist from Knoxville, Tennessee (whose 2-day cash winnings total $20,800)

[next game >>]

Jeopardy! Round responses

SENIOR MOMENTS
(Alex: Boy, do I have a lot of those!)
WAR
CELEBRITY ODD JOBS
CUTE, FURRY & DEADLY
GEOGRAPHY "B"
FIX THE MALAPROPISM
    $200 26
Pablo Picasso

Charlie
    $200 6
doves & hawks

Charlie
    $200 9
Clint Eastwood

Bronson
    $200 19
dingo

Elizabeth
    $200 1
Baghdad

Bronson
    $200 13
spawn

Charlie
    $400 27
Julia Child

Bronson
    $400 7
Marine Corps

Charlie
    $400 10
Billy Bob Thornton

Bronson
    $400 20
(Charlie: What is a polar bear?)

grizzly bear

BronsonCharlie
    $1,000 2
Bull Run

Bronson
    $400 14
forceps

Bronson
    $600 28
Robert Byrd

Charlie
    $600 8
guerrilla warfare

Elizabeth
    $600 11
Ozzy Osbourne

Charlie
    $600 21
rat

Bronson
    $600 3
British Columbia

Bronson
    $600 15
irrigation

Charlie
    $800 29
Pope John XXIII

Elizabeth
    $800 12
samurai

Elizabeth
    $800 17
Barry Manilow

Charlie
    $800 22
tiger

Bronson
    $800 4
Bay of Bengal

Bronson
    $800 24
garlands

Bronson
    $1000 30
Robert Mugabe

Bronson
    $1000 16
electronic warfare

Bronson
    $1000 18
Martha Stewart

Bronson
    $1000 23
wolverine

Bronson
    $1000 5
Belarus

Charlie
    $1000 25
monogamous

Elizabeth

Scores at the first commercial break (after clue 15):

Bronson Elizabeth Charlie
$3,600 $1,400 $3,000

Scores at the end of the Jeopardy! Round:

Bronson Elizabeth Charlie
$10,600 $3,400 $4,200

Double Jeopardy! Round responses

FORMER TECHNOLOGY
BIG SCREEN BIO SUBJECTS
IN THE BOOKSTORE
QUICK CITY TRIPS
(Alex: You have to identify the city.)
WATCH YOUR STEP
WHAT THE "L"?
    $400 30
icebox

Elizabeth
    $400 21
Joan Crawford

Elizabeth
    $400 15
John Updike

Charlie
    $400 10
Athens

Charlie
    $400 6
the ridiculous

Bronson
    $400 1
lounge

Elizabeth
    $800 29
bucket

Charlie
    $800 22
Wolfgang A. Mozart

Charlie
    $800 16
Emeril Lagasse

Bronson
    $800 11
(Elizabeth: No, sorry!)
(Charlie: What is Istanbul?)

Ankara

BronsonElizabethCharlie
    $800 7
Reebok

Bronson
    $800 2
latitude & longitude

Bronson
    $1200 28
slide rule

Bronson
    $1200 23
Stephen Foster

Elizabeth
    $1200 17
Black Hawk Down

Charlie
    $4,000 12
(Bronson: What is Hanoi?)

Bangkok

Bronson
    $1200 8
(Alex: Looks like they were dancing on the edge of a pool; it scared me!)

box step

Bronson
    $1200 3
ligaments

Charlie
    $4,000 26
(Elizabeth: Ohh, mama mia... Thank you, Lord!)
...
(Alex: Now, you noticed you phrased it in the form of a question: "Is that an [*]?"; otherwise, you're in deep trouble!)
(Elizabeth: You're so right!)

an astrolabe

Elizabeth
    $1600 24
Sir Thomas More

Elizabeth
    $1600 18
Watership Down

Bronson
    $1600 13
(Bronson: What is Dublin?)
(Elizabeth: What is Edinburgh?)

Glasgow

BronsonElizabeth
Triple Stumper
    $1600 9
Spanish Steps

Charlie
    $1600 4
loupe

Bronson
    $2000 27
harrow

Triple Stumper
    $2000 25
Woody Guthrie

Triple Stumper
    $2000 20
The Nanny Diaries

Charlie
    $2000 14
Budapest

Charlie
    $2000 19
(Charlie: What is Vertigo?)

The 39 Steps

Charlie
Triple Stumper
    $2000 5
Lohengrin

Bronson

Scores at the end of the Double Jeopardy! Round:

Bronson Elizabeth Charlie
$16,200 $9,000 $11,800

[wagering suggestions for these scores]

Final Jeopardy! Round responses

PSYCHOLOGY
(Alex: We were, of course, looking for [*]; we have "from the Greek algos", A-L-G-O-S, so we expected you to come up with the letters in that order in your response.)
ElizabethWhat is agony?
$7,500
CharlieWhat is Laura?
$11,800
BronsonWhat is nostaglia
$7,401
nostalgia

Final scores:

Bronson Elizabeth Charlie
$8,799 $1,500 $0
3-day champion: $29,599 2nd place: $2,000 3rd place: $1,000

Game dynamics:

Coryat scores:

Bronson Elizabeth Charlie
$19,600 $6,600 $11,800
26 R
(including 1 DD),
2 W
(including 1 DD)
11 R
(including 1 DD),
2 W
18 R,
3 W

Combined Coryat: $38,000

[game clues] [game scores] [suggest correction]

Game tape date: 2003-02-05
The J! Archive is created by fans, for fans. Scraping, republication, monetization, and malicious use prohibited; this site may use cookies and collect identifying information. See terms. The Jeopardy! game show and all elements thereof, including but not limited to copyright and trademark thereto, are the property of Jeopardy Productions, Inc. and are protected under law. This website is not affiliated with, sponsored by, or operated by Jeopardy Productions, Inc. Join the discussion at JBoard.tv.